| 000 | 00637nam a2200181 i 4500 | ||
|---|---|---|---|
| 001 | 112568 | ||
| 003 | ES-MaACL | ||
| 005 | 20250911063546.0 | ||
| 007 | t| | ||
| 008 | 061121s1973 sp r ||||1| spa d | ||
| 100 | 1 |
_aMuñoz y Romero, Tomás, _d1814-1867 _984519 |
|
| 245 | 1 | 0 |
_aDiccionario bibliográfico-histórico de los antiguos reinos, provincias, ciudades, villas , iglesias y santuarios de España / _cTomás Muñoz y Romero. |
| 260 |
_aMadrid : _bAtlas, _c1973. |
||
| 300 |
_aVII, 329 p. ; _c28 cm. |
||
| 651 | 4 |
_aEspaña- _vBibliografías. _9149031 |
|
| 852 |
_aES-MaACL _jE-7668 _bR.91847 |
||
| 999 |
_c112568 _d112568 |
||